000 01422nam0a22003131 4500
001 rc\3458516
005 20130115124200.1
021 _aRU
_b[69-97254]
035 _a(NLR Aleph) 007895004
090 _a8002003
_c8002003
100 _a20130115d1969 |||y0rusy50 ca
101 0 _arus
102 _aRU
105 _ay z |||||
200 1 _aО методах и организации отбора в спортивные школы по легкой атлетике
_e[Метод. письмо]
_fКом. по физ. культуре и спорту при Совете Министров СССР. Всесоюз. науч.-исслед. ин-т физ. культуры
210 _aМосква
_cБ. и.
_d1969
215 _a24 с.
_d20
300 _aНа обороте тит. л. сост.: кандидаты пед. наук В.К. Бальсевич, В.С. Топчиян, мастер спорта В.А. Жук и др.
606 _aДетские спортивные школы
_xПравила приема
_2psbo
606 _aЛегкая атлетика
_2psbo
702 1 _aТопчиян
_bВ. С.
_4220
702 1 _aБальсевич
_bВ. К.
_4220
702 1 _aЖук
_bВ. А.
_4220
712 0 2 _aЦНИИ физ. культуры
_cМосква
_3RU\NLR\AUTH\889953858
801 0 _aRU
_bNLR
_gpsbo
801 1 _aRU
_bELAR
_2rusmarc
852 _aNLR
_j69-4/29959
942 _cBOOK
980 _aNB